Определение качества жизни как условие достижения благополучия современного человека; Экономика России в XXI веке; Т. 1

Bibliographic Details
Parent link:Экономика России в XXI веке: сборник научных трудов XI Международной научно-практической конференции "Экономические науки и прикладные исследования: фундаментальные проблемы модернизации экономики России", посвященной 110-летию экономического образования в Томском политехническом университете, г. Томск, 18-22 ноября 2014 г./ Национальный исследовательский Томский политехнический университет (ТПУ) ; ред. кол. Г. А. Барышева [и др.].— , 2014
Т. 1.— 2014.— [С. 361-368]
Main Author: Кащук И. В. Ирина Вадимовна
Corporate Author: Национальный исследовательский Томский политехнический университет (ТПУ) Институт социально-гуманитарных технологий (ИСГТ) Кафедра экономики (ЭКОН)
Other Authors: Тимофеева Я. И. (научный руководитель)
Summary:Заглавие с титульного экрана
В статье рассматриваются понятия: "уровень жизни», «качество жизни" и "благополучие"современного человека. Приводится сравнительная характеристика существующих международных методов оценки качества жизни, условий жизни и счастья. Анализируется положение различных стран мира и России в рейтинге международных индексов, характеризующих условия жизни, качество жизни и благополучие населения.
Language:Russian
Published: 2014
Series:Непрерывное благополучие человека в современном мире
Subjects:
Online Access:http://www.lib.tpu.ru/fulltext/c/2014/C40/V1/072.pdf
Format: MixedMaterials Electronic Book Chapter
KOHA link:https://koha.lib.tpu.ru/cgi-bin/koha/opac-detail.pl?biblionumber=610298

MARC

LEADER 00000naa2a2200000 4500
001 610298
005 20260402135200.0
035 |a (RuTPU)RU\TPU\conf\7894 
035 |a RU\TPU\conf\7890 
090 |a 610298 
100 |a 20150116d2014 k y0rusy50 ca 
101 0 |a rus 
102 |a RU 
135 |a drgn ---uucaa 
181 0 |a i  
182 0 |a b 
200 1 |a Определение качества жизни как условие достижения благополучия современного человека  |f И. В. Кащук, Я. И. Тимофеева  |g науч. рук. И. В. Кащук 
203 |a Текст  |c электронный 
225 1 |a Непрерывное благополучие человека в современном мире 
300 |a Заглавие с титульного экрана 
320 |a [Библиогр.: с. 368 (12 назв.)] 
330 |a В статье рассматриваются понятия: "уровень жизни», «качество жизни" и "благополучие"современного человека. Приводится сравнительная характеристика существующих международных методов оценки качества жизни, условий жизни и счастья. Анализируется положение различных стран мира и России в рейтинге международных индексов, характеризующих условия жизни, качество жизни и благополучие населения. 
337 |a Adobe Reader 
461 1 |0 (RuTPU)RU\TPU\conf\7533  |t Экономика России в XXI веке  |o сборник научных трудов XI Международной научно-практической конференции "Экономические науки и прикладные исследования: фундаментальные проблемы модернизации экономики России", посвященной 110-летию экономического образования в Томском политехническом университете, г. Томск, 18-22 ноября 2014 г.  |o в 2 т.  |f Национальный исследовательский Томский политехнический университет (ТПУ) ; ред. кол. Г. А. Барышева [и др.]  |d 2014 
463 0 |0 (RuTPU)RU\TPU\conf\7535  |t Т. 1  |v [С. 361-368]  |d 2014 
610 1 |a труды учёных ТПУ 
610 1 |a электронный ресурс 
610 1 |a качество жизни 
610 1 |a благополучие 
610 1 |a уровень жизни 
610 1 |a население 
610 1 |a социальная защита 
700 1 |a Кащук  |b И. В.  |c экономист  |c доцент Томского политехнического университета, кандидат технических наук  |f 1958-  |g Ирина Вадимовна  |3 (RuTPU)RU\TPU\pers\25428  |9 11370 
701 1 |a Тимофеева  |b Я. И. 
702 1 |a Кащук  |b И. В.  |c экономист  |c доцент Томского политехнического университета, кандидат технических наук  |f 1958-  |g Ирина Вадимовна  |4 727 
712 0 2 |a Национальный исследовательский Томский политехнический университет (ТПУ)  |b Институт социально-гуманитарных технологий (ИСГТ)  |b Кафедра экономики (ЭКОН)  |3 (RuTPU)RU\TPU\col\18375 
801 2 |a RU  |b 63413507  |c 20150116  |g RCR 
856 4 |u http://www.lib.tpu.ru/fulltext/c/2014/C40/V1/072.pdf 
942 |c BK